| 000 | 00493nam a2200205Ia 4500 | ||
|---|---|---|---|
| 999 |
_c36465 _d36465 |
||
| 001 | 2380 | ||
| 003 | GE_BSU | ||
| 005 | 20221026105631.0 | ||
| 008 | 181216s1996az xx |||||||||||||| ||aze|| | ||
| 040 | _cGE_BSU | ||
| 041 | _aaze | ||
| 080 | _a94(479.24) C-36 | ||
| 100 |
_aCAVİD, HUSEYN _915546 |
||
| 245 |
_aNAXCIVAN / _cHUSEYN CAVİD. |
||
| 264 |
_aNAXCIVAN, _c1996. |
||
| 300 |
_a51 c .: _bилл. |
||
| 653 | _aNAXCIVAN. | ||
| 653 | _aნახიჩივანი | ||
| 942 |
_cBK _2udc |
||